Special report: auctions (Record no. 118493)

MARC details
000 -LEADER
fixed length control field 01039cam a2200241 4500
001 - CONTROL NUMBER
control field ABS68594
008 - FIXED-LENGTH DATA ELEMENTS--GENERAL INFORMATION
fixed length control field 050126n2005 000 0 eng u
035 ## - SYSTEM CONTROL NUMBER
System control number (Sirsi) u128629
100 ## - MAIN ENTRY--PERSONAL NAME
Personal name Sharp, R.
245 ## - TITLE STATEMENT
Title Special report: auctions
260 ## - PUBLICATION, DISTRIBUTION, ETC.
Date of publication, distribution, etc. 2005
490 ## - SERIES STATEMENT
Series statement Property Week
Volume/sequential designation 70(2) 14 January 2005, 47-58(6)
520 ## - SUMMARY, ETC.
Summary, etc. Three articles looking at the auctions sector. "A piece of the auction" looks at how large agency firms are trying to move in to the auctions sector but experienced auctioneers are resisting moving to rival firms. "A chastening experience" describes the difficulty of breaking into the auctions market. The final article, "Virtual real estate", looks at how virtual auctions could become a reality through the government e-conveyancing programme.
590 ## - LOCAL NOTE (RLIN)
Local note ABS
590 ## - LOCAL NOTE (RLIN)
Local note ABS
650 ## - SUBJECT ADDED ENTRY--TOPICAL TERM
Topical term or geographic name entry element Auctioneering
9 (RLIN) 6218
650 ## - SUBJECT ADDED ENTRY--TOPICAL TERM
Topical term or geographic name entry element PROPERTY-COMMERCIAL PROPERTY
650 ## - SUBJECT ADDED ENTRY--TOPICAL TERM
Topical term or geographic name entry element RETAIL PROPERTY
650 ## - SUBJECT ADDED ENTRY--TOPICAL TERM
Topical term or geographic name entry element INDUSTRIAL PROPERTY
650 ## - SUBJECT ADDED ENTRY--TOPICAL TERM
Topical term or geographic name entry element LAND AUCTIONS
690 ## - LOCAL SUBJECT ADDED ENTRY--TOPICAL TERM (OCLC, RLIN)
Topical term or geographic name as entry element AUCTIONS
942 ## - ADDED ENTRY ELEMENTS (KOHA)
Suppress in OPAC 0
Holdings
Withdrawn status Lost status Source of classification or shelving scheme Damaged status Not for loan Home library Current library Shelving location Date acquired Total Checkouts Full call number Barcode Date last seen Copy number Price effective from Koha item type
    Dewey Decimal Classification     London London Journal article 26/01/2005   ABS68594 128629-1001 06/08/2019 1 06/08/2019 Journal article